| 000 -LEADER |
| fixed length control field |
00437cam a22001337a 4500 |
| 008 - FIXED-LENGTH DATA ELEMENTS--GENERAL INFORMATION |
| fixed length control field |
180718b1953 xxu||||| |||| 00| 0 eng d |
| 082 ## - DEWEY DECIMAL CLASSIFICATION NUMBER |
| Classification number |
B7303x54 Ag38 53 |
| 100 ## - MAIN ENTRY--PERSONAL NAME |
| Personal name |
Aggarwal, Priya Vrat |
| 245 ## - TITLE STATEMENT |
| Title |
Punjab municipal act (Punjab act no. III of 1911) |
| Statement of responsibility, etc. |
by Priya Vrat Aggarwal |
| 260 ## - PUBLICATION, DISTRIBUTION, ETC. |
| Place of publication, distribution, etc. |
Delhi |
| Name of publisher, distributor, etc. |
Sat Dev Verma |
| Date of publication, distribution, etc. |
1953 |
| 300 ## - PHYSICAL DESCRIPTION |
| Extent |
v.p. |
| 650 ## - SUBJECT ADDED ENTRY--TOPICAL TERM |
| Topical term or geographic name entry element |
Local elections --India --Punjab. |
| 650 ## - SUBJECT ADDED ENTRY--TOPICAL TERM |
| Topical term or geographic name entry element |
Municipal government --India --Punjab |